Sir Salar Jung Azam (Record no. 9192)

MARC details
000 -LEADER
fixed length control field 00602nam a2200241 a 4500
020 ## - INTERNATIONAL STANDARD BOOK NUMBER
ISBN
082 00 - DEWEY DECIMAL CLASSIFICATION NUMBER
Classification number 922.97
Author Cutter MOH
100 ## - MAIN ENTRY--AUTHOR NAME
Author name Mohammad, A Mukaram Faiz
245 ## - TITLE STATEMENT
Title Sir Salar Jung Azam
260 ## - PUBLICATION, DISTRIBUTION, ETC. (IMPRINT)
Place of publication Hyderabad
Name of publisher Maktaba Ibrahimiya Mission Press
Year of publication 1939
300 ## - PHYSICAL DESCRIPTION
Number of Pages 48p
500 ## - GENERAL NOTE
General note includes index and biblioraphy
505 2# - FORMATTED CONTENTS NOTE
Formatted contents note Part 1 and 2
650 ## - SUBJECT ADDED ENTRY--TOPICAL TERM
Topical Term Salar Jung
942 ## - ADDED ENTRY ELEMENTS (KOHA)
Koha item type Books
700 1# -
-- Mohammad, A Mukaram Faiz
Holdings
Collection code Home library Current library Date acquired Cost, normal purchase price Full call number Accession Number Koha item type
  Henry Martyn Institute Library Henry Martyn Institute Library 06/06/2007 100.00 922.97 MOH 011890 Books
                   Copyright © 2026 | Henry Martyn Institute | Hyderabad | TS-500052 | INDIA | Implemented by hmi.edu.in
Hit-Count:

Powered by Koha